[Event "Olympiad Women 2024"]
[Site "Budapest HUN"]
[Date "2024.09.12"]
[Round "2.56"]
[Board "2"]
[White "Pourier, Dianthely"]
[Black "Rivera Negron, Yanira"]
[Result "0-1"]
[WhiteElo "1548"]
[BlackElo "1805"]
[PlyCount "104"]
[EventDate "2024.09.11"]
[WhiteTeam "Netherlands Antilles"]
[BlackTeam "Puerto Rico"]
[WhiteTeamCountry "AHO"]
[BlackTeamCountry "PUR"]

1. d4 d5 2. Bf4 Nf6 3. Nf3 c5 4. c3 cxd4 5. cxd4 Qb6 6. Qb3 Qxb3 7. axb3 Nc6 8. e3 ({RR} 8. Nc3 e6 9. e3 Bd7 10. Bd3 Bb4 11. Ke2 O-O 12. Rhc1 Rfc8 13. Nb5 Ne8 14. Ne5 Nxe5 15. Bxe5 a6 16. Nc3 f6 17. Bg3 Bd6 18. e4 Bxg3 19. hxg3 dxe4 20. Nxe4 Bc6 21. Nc5 Nd6 22. Bc4 Nxc4 {1-0 Le,T (2514)-Dubov,D (2710) Titled Tuesday intern op 18th May blitz 2021 (10)}) 8... e6 9. Bd3 $146 ({RR} 9. Nc3 Bb4 10. Bd3 O-O 11. h3 Bd7 12. Ke2 Rfc8 13. Ne5 Nxe5 14. dxe5 Ne8 15. Rhc1 Nc7 16. Rc2 Na6 17. Rac1 Nc5 18. Na2 Nxd3 19. Rxc8+ Rxc8 20. Rxc8+ Bxc8 21. Kxd3 Be7 22. e4 dxe4+ 23. Kxe4 Kf8 {0-1 Lewtak,D (2386)-Dubov,D (2711) Titled Tuesday intern op 05th Apr Early blitz 2022 (2)}) ({RR} 9. Bb5 Bb4+ 10. Nc3 O-O 11. O-O Nh5 12. Bc7 Bd7 13. h3 Rac8 14. Bh2 a6 15. Be2 Nf6 16. Rfc1 Ne8 17. Na4 Bd6 18. Nb6 Bxh2+ 19. Kxh2 Rd8 20. Nxd7 Rxd7 21. Bxa6 Nd6 22. Bxb7 Rxb7 23. Rxc6 Ne4 {1-0 Tsoukkerman,B (1917)-Pliete,C (1847) Muensterland Regionalliga 1617 2016 (4.7)}) 9... Nb4 10. Bb5+ Bd7 11. Bxd7+ Nxd7 12. O-O a6 13. Nbd2 Nd3 14. Rab1 Nxf4 15. exf4 Bd6 16. g3 O-O 17. Ne5 Nxe5 18. fxe5 Bb4 19. Rfd1 Rfc8 20. Nf3 Rc2 21. Ne1 Bxe1 22. Rxe1 Rac8 23. Red1 h6 24. Kg2 Re2 25. Re1 Rd2 26. Rbc1 Rxc1 27. Rxc1 Rxd4 28. Rc8+ Kh7 29. Rc7 Rb4 30. Rxf7 Rxb3 31. Re7 Rb6 32. f4 Kg8 33. Rd7 Rxb2+ 34. Kf3 Rb6 35. f5 exf5 36. Rxd5 g5 37. Rd8+ Kf7 38. Rd7+ Ke6 39. Rd8 Kxe5 40. Ke3 Rd6 41. Re8+ Re6 42. Rd8 b5 43. Rd3 Rc6 44. Kd2 Rd6 45. Ke2 Rxd3 46. Kxd3 a5 47. Ke3 a4 48. Kd2 b4 49. Kc2 a3 50. Kb1 b3 51. Kc1 a2 52. Kb2 f4 0-1

[Event "Olympiad Women 2024"]
[Site "Budapest HUN"]
[Date "2024.09.12"]
[Round "2.56"]
[Board "3"]
[White "Vega Jimenez, Keyshla M."]
[Black "Pieter, Liana"]
[Result "1-0"]
[WhiteElo "1769"]
[BlackElo "1619"]
[PlyCount "87"]
[EventDate "2024.09.11"]
[WhiteTeam "Puerto Rico"]
[BlackTeam "Netherlands Antilles"]
[WhiteTeamCountry "PUR"]
[BlackTeamCountry "AHO"]

1. e4 c6 2. d4 d5 3. exd5 cxd5 4. Bd3 Nf6 5. c3 Nc6 6. Bf4 Bg4 7. Qb3 Na5 8. Qa4+ Bd7 9. Qc2 g6 10. Nf3 ({RR} 10. Nd2 Bg7 11. Ngf3 Nh5 12. Be3 Qc7 13. O-O O-O 14. Rfe1 Nc6 15. Qb3 e6 16. a4 h6 17. Qd1 Rad8 18. Rc1 Nf4 19. Bf1 g5 20. h4 f6 21. g3 Ng6 22. hxg5 fxg5 23. c4 Qd6 24. cxd5 exd5 {1-0 Morozevich,A (2718)-Grischuk,A (2702) Eurotel Trophy rapid 2002 (2.2)}) 10... Bg7 11. Ne5 ({RR} 11. Nbd2 Rc8 12. h4 Nc4 13. Nxc4 dxc4 14. Be2 b5 15. Ne5 Bf5 16. Qd2 h5 17. Nf3 Nd5 18. O-O Nxf4 19. Qxf4 a6 20. a4 Bh6 21. Qg3 Qb6 22. Ne5 Qd6 23. axb5 axb5 24. Bf3 f6 25. Bc6+ Rxc6 {1-0 Oberoi,S (2318)-Yu,J (2345) New York Winter GMB 2023 (7.3)}) 11... Rc8 $146 ({RR} 11... O-O 12. Nxd7 Qxd7 13. Qe2 Qg4 14. Qxg4 Nxg4 15. Be2 Nf6 16. Nd2 Rfc8 17. O-O a6 18. b4 Nc6 19. a4 Nd8 20. Ra3 Ne6 21. Be3 Rc7 22. Rb1 Rac8 23. Rbb3 Nd7 24. g4 f5 25. gxf5 gxf5 26. f3 {½-½ Da Silva,W (1911)-Milanez,E (1774) Pocos de Caldas op 2014 (1)}) ({RR} 11... Be6 12. Nd2 Rc8 13. Ndf3 Nc4 14. Ng5 Nxe5 15. dxe5 Nh5 16. Nxe6 fxe6 17. Bg3 Nxg3 18. hxg3 Bxe5 19. Rxh7 Rxh7 20. Bxg6+ Rf7 21. Qa4+ Kf8 22. Qg4 Qb6 23. Bxf7 Kxf7 24. Qh5+ Kf6 25. Qh6+ Kf7 26. Qh5+ {½-½ Katte,I (1940)-Manakov,M (2270) BL 1314 (Women) 2013 (4.5)}) 12. Qe2 a6 13. Nxd7 Nxd7 14. Nd2 O-O 15. O-O Re8 16. Nf3 Nc6 17. Ne5 f6 18. Ng4 e5 19. dxe5 fxe5 20. Nh6+ Kf8 21. Bd2 Bf6 22. Qg4 e4 23. Bc2 Kg7 24. Nf5+ Kh8 25. Nh6 Nde5 26. Qh3 Qe7 27. Rad1 Nc4 28. Bc1 Rcd8 29. Rfe1 Bg5 30. Bxg5 Qe6 31. Qxe6 Rxe6 32. Nf7+ Kg7 33. Nxd8 Nxd8 34. Bxd8 Rd6 35. Bg5 b5 36. b3 Na5 37. Bxe4 h6 38. Bf4 Rd8 39. Bc7 Re8 40. Bxd5 Rxe1+ 41. Rxe1 Nxb3 42. axb3 Kh7 43. Re7+ Kh8 44. Be5# 1-0

[Event "Olympiad Women 2024"]
[Site "Budapest HUN"]
[Date "2024.09.12"]
[Round "2.57"]
[Board "1"]
[White "Sawan, Eman"]
[Black "Callender, Jessica"]
[Result "1-0"]
[WhiteElo "1972"]
[BlackElo "1579"]
[PlyCount "63"]
[EventDate "2024.09.11"]
[WhiteTeam "Palestine"]
[BlackTeam "Guyana"]
[WhiteTeamCountry "PLE"]
[BlackTeamCountry "GUY"]

1. e4 c5 2. Nf3 e6 3. d4 cxd4 4. Nxd4 a6 5. c4 e5 ({RR} 5... Bc5 6. Nc3 d6 7. Be3 Nf6 8. e5 dxe5 9. Nxe6 Qxd1+ 10. Rxd1 Bxe6 11. Bxc5 Nbd7 12. Bd6 Rc8 13. b3 b5 14. Be2 bxc4 15. b4 e4 16. O-O Nb6 17. Rd4 Nbd5 18. Nxd5 Bxd5 19. Rc1 Kd7 20. Be5 {1-0 Svidler,P (2733)-Epishin,V (2610) ACP Blitz Prelim4 2004 (6)}) 6. Nb3 Qc7 $146 ({RR} 6... Nf6 7. Bd3 Nc6 8. Nc3 Be7 9. O-O O-O 10. Nd5 Nxd5 11. cxd5 Na7 12. Be3 d6 13. Rc1 Bg5 14. Bxg5 Qxg5 15. Qe2 f5 16. Nd2 f4 17. f3 h5 18. Rc7 Rf7 19. Rxf7 Kxf7 20. Nc4 Qd8 21. Qf2 {1-0 Bousmaha,L (1364)-Guid,T (1200) Wch U10 Girls 2017 (6)}) 7. Nc3 Nf6 8. Bd3 Nc6 9. O-O Be7 10. Be3 d6 11. Rc1 Qd8 12. Nd5 Nxd5 13. cxd5 Nb4 14. Bb1 a5 15. a3 Na6 16. Bd3 b6 17. Bb5+ Bd7 18. Bxd7+ Qxd7 19. Bxb6 a4 20. Nd2 Rb8 21. Nc4 O-O 22. Be3 Rfc8 23. Nb6 Rxc1 24. Qxc1 Qb5 25. Qc6 Qxc6 26. dxc6 Bd8 27. Nxa4 Rc8 28. b4 Nc7 29. Nb6 Rb8 30. a4 Ne6 31. Nd5 Bc7 32. b5 1-0

[Event "Olympiad Women 2024"]
[Site "Budapest HUN"]
[Date "2024.09.12"]
[Round "2.57"]
[Board "2"]
[White "Shariff, Sasha Christina"]
[Black "Hamouri, Taqwa"]
[Result "0-1"]
[WhiteElo "1538"]
[BlackElo "1845"]
[PlyCount "68"]
[EventDate "2024.09.11"]
[WhiteTeam "Guyana"]
[BlackTeam "Palestine"]
[WhiteTeamCountry "GUY"]
[BlackTeamCountry "PLE"]

1. e4 e6 2. d4 d5 3. exd5 exd5 4. Nc3 c6 5. a4 ({RR} 5. Qf3 Qf6 6. Qxf6 Nxf6 7. Bg5 Be7 8. Bd3 Bg4 9. h3 Bh5 10. f4 h6 11. Bh4 g5 12. fxg5 Nh7 13. g4 Bg6 14. Bxg6 fxg6 15. Nf3 Nxg5 16. Bxg5 Bxg5 17. Nxg5 hxg5 18. O-O Nd7 19. Rae1+ Kd8 {0-1 Genba,V (2411)-Galstian,B (2365) Moscow Aeroflot op-B 2004 (1)}) ({RR} 5. Be3 Nf6 6. Bd3 Bd6 7. Qd2 O-O 8. O-O-O Nbd7 9. Nf3 c5 10. dxc5 Nxc5 11. Bg5 Be7 12. Bxf6 Bxf6 13. Nxd5 Nxd3+ 14. Qxd3 Be6 15. a3 Rc8 16. Nxf6+ Qxf6 17. Qd4 Qf5 18. Qd3 Qxd3 19. Rxd3 Bf5 {1-0 Mazzini,K (1213)-Hvala,I SLO-ch U20 Girls 2014 (9)}) 5... Bd6 $146 ({RR} 5... Bf5 6. Be3 Bd6 7. Nf3 h6 8. Bd3 Bxd3 9. Qxd3 Nf6 10. O-O O-O 11. Rfe1 Nbd7 12. Rab1 Qc7 13. h3 a6 14. Re2 c5 15. Rbe1 Nb6 16. b3 Nh5 17. dxc5 Bxc5 18. Qxd5 Nxd5 19. Nxd5 Qd6 20. Bxc5 {0-1 Ferrenberg,K (1054)-Georgi,L (1035) Sachsen-ch U10 2009 (7)}) 6. Nf3 Ne7 7. Bd3 Qc7 8. Be3 f6 9. Ne2 Be6 10. Rc1 Nd7 11. c4 dxc4 12. Bxc4 Bxc4 13. Rxc4 Nb6 14. Rc1 Nbd5 15. Bd2 g5 16. O-O g4 17. Ne1 Bxh2+ 18. Kh1 Bd6 19. Nc3 Qd7 20. Ne4 Bc7 21. Nc5 Qf5 22. Kg1 Qh5 23. g3 Qg6 24. Qe2 h5 25. Ng2 O-O-O 26. Qe6+ Kb8 27. Nh4 Qg7 28. Nf5 Nxf5 29. Qxf5 Ne7 30. Nd7+ Kc8 31. Qxf6 Qxf6 32. Nxf6 h4 33. Nxg4 hxg3 34. fxg3 Rhg8 0-1

[Event "Olympiad Women 2024"]
[Site "Budapest HUN"]
[Date "2024.09.12"]
[Round "2.57"]
[Board "3"]
[White "Faqeeh, Yara"]
[Black "Joshi, Aditi Narayan"]
[Result "0-1"]
[WhiteElo "1671"]
[BlackElo "1546"]
[PlyCount "122"]
[EventDate "2024.09.11"]
[WhiteTeam "Palestine"]
[BlackTeam "Guyana"]
[WhiteTeamCountry "PLE"]
[BlackTeamCountry "GUY"]

1. d4 Nf6 2. Bf4 d5 3. Nf3 c5 4. e3 Qb6 5. Qc1 Bg4 ({RR} 5... cxd4 6. exd4 Nc6 7. c3 Bf5 8. Be2 Rc8 9. O-O e6 10. h3 Be7 11. Nbd2 O-O 12. Rd1 Bg6 13. Nf1 Ne4 14. Ng3 Bf6 15. Nf1 Rfd8 16. Be3 Qa5 17. a4 Qc7 18. N1d2 Na5 19. Ra3 Be7 20. Ra2 {½-½ Benkovic,P (2430)-Kunin,V (2490) BL2-Sued 0607 2006 (1.2)}) 6. Ne5 $146 ({RR} 6. Nbd2 e6 7. c3 Nc6 8. Bd3 Be7 9. h3 Bh5 10. O-O Rc8 11. Bc2 O-O 12. Nb3 cxd4 13. Nbxd4 Na5 14. Ne5 Nc4 15. Rb1 Nxe5 16. Bxe5 Nd7 17. Bh2 Bf6 18. Qd2 Rfd8 19. Kh1 Bg6 20. Bxg6 hxg6 {0-1 Van Tellingen,F-Duijn,R (2260) Haarlem AKN op 06th 1997 (4)}) ({RR} 6. Be2 e6 7. O-O Be7 8. c3 O-O 9. Nbd2 Nc6 10. h3 Bf5 11. b3 Rac8 12. Nh4 Be4 13. Nxe4 Nxe4 14. Nf3 h6 15. Rb1 Rfe8 16. b4 cxb4 17. c4 dxc4 18. Ne5 Nxe5 19. Bxe5 Nc3 20. Rb2 Nxe2+ {0-1 Buitendag,N (1093)-Naidoo,P (1097) RSA-ch U12 Girls 2016 (8)}) ({RR} 6. c3 Nc6 7. Nbd2 e6 8. Bd3 Be7 9. Rb1 O-O 10. O-O Rac8 11. h3 Bf5 12. Bxf5 exf5 13. Qc2 Ne4 14. Nxe4 fxe4 15. Ne5 cxd4 16. Nd7 d3 17. Nxb6 dxc2 18. Nxc8 cxb1=Q 19. Nxe7+ Nxe7 20. Rxb1 Rc8 {0-1 Feliciano Ebert,V-Nemeth,V Wch U10 Girls 1999 (7)}) 6... cxd4 7. exd4 Qxd4 8. Nc3 a6 9. Bd3 Nc6 10. Nxg4 Nxg4 11. O-O e5 12. Bg3 e4 13. Be2 Nf6 14. a3 Rd8 15. Rd1 Qb6 16. b4 Nd4 17. Be5 Nxe2+ 18. Nxe2 Ng4 19. Bd4 Qc7 20. h3 Ne5 21. Qe3 Be7 22. Bb6 Qc4 23. Bxd8 Bxd8 24. Nc3 Bg5 25. Qd4 Bf6 26. Qxc4 Nxc4 27. Nxd5 Bxa1 28. Rxa1 Kd7 29. a4 Re8 30. a5 Kc6 31. Rd1 Re5 32. Nc3 f5 33. Ne2 Rd5 34. Nd4+ Kd7 35. c3 g6 36. Kf1 Kd6 37. Ke2 Nb2 38. Rd2 Nc4 39. Rd1 Nb2 40. Rc1 Na4 41. Rc2 Nxc3+ 42. Rxc3 Rxd4 43. Rb3 Kd5 44. Ke3 Kc4 45. Rb1 Rd3+ 46. Kf4 Rb3 47. Rc1+ Kxb4 48. Rc7 Kxa5 49. Rxh7 Rb2 50. Ke3 b5 51. Rg7 f4+ 52. Kxe4 Rxf2 53. Rxg6 b4 54. h4 b3 55. Rg8 b2 56. Rb8 Ka4 57. h5 Rxg2 58. Kxf4 Ka3 59. h6 Rh2 60. Kg5 Ka2 61. Rb4 b1=Q 0-1

[Event "Olympiad Women 2024"]
[Site "Budapest HUN"]
[Date "2024.09.12"]
[Round "2.57"]
[Board "4"]
[White "Clement, Ciel Desiree"]
[Black "Natsheh, Wajd"]
[Result "0-1"]
[WhiteElo "1460"]
[BlackElo "1739"]
[PlyCount "58"]
[EventDate "2024.09.11"]
[WhiteTeam "Guyana"]
[BlackTeam "Palestine"]
[WhiteTeamCountry "GUY"]
[BlackTeamCountry "PLE"]

1. e4 c5 2. Nf3 e6 3. c3 d5 4. exd5 exd5 5. d4 Nc6 6. Be3 c4 7. Nbd2 ({RR} 7. b3 cxb3 8. Qxb3 Nf6 9. Nbd2 Be7 10. Bd3 O-O 11. O-O Qc7 12. h3 h6 13. Rac1 {½-½ Iuldachev,S (2550)-Agrest,E (2604) Olympiad-36 Mallorca 2004 (11)}) 7... Bd6 ({RR} 7... Nf6 8. b3 cxb3 9. axb3 Bd6 10. Bd3 h6 11. h3 O-O 12. O-O Re8 13. Qb1 Be6 14. b4 Qc8 15. Rc1 Ne7 {0-1 Szpar,M (2477)-Vetoshko,V (2502) Saint Charbel Cup Blitz 2023 (4.5)}) 8. b3 b5 9. a4 $146 ({RR} 9. b4 a5 10. a3 Nge7 11. Be2 O-O 12. O-O Nf5 13. Bg5 Qc7 14. g4 f6 15. Bxf6 Rxf6 16. gxf5 Bxf5 17. Re1 Rg6+ 18. Kh1 Rh6 19. Nf1 Be4 20. Kg1 Rf8 21. Ng3 Qf7 22. Kg2 Ne7 23. Rf1 Ng6 {0-1 Bensenousi,I (2053)-Karapanos,N (2252) Thessaloniki Tower op 1999 (5)}) 9... b4 10. cxb4 c3 11. Nb1 Bxb4 12. Qc1 c2+ 13. Nbd2 Bf5 14. Bb5 Nge7 15. Ne5 Rc8 16. Nd3 O-O 17. Ra2 Bxd3 18. Bxd3 Na5 19. Bxc2 Nf5 20. O-O Nxe3 21. fxe3 Qg5 22. Nf3 Qh6 23. Kf2 Rfe8 24. Rd1 Nxb3 25. Qb1 Qxe3+ 26. Kf1 Na5 27. Qxb4 Qe2+ 28. Kg1 Rxc2 29. Re1 Qxg2# 0-1

[Event "Olympiad Women 2024"]
[Site "Budapest HUN"]
[Date "2024.09.12"]
[Round "2.58"]
[Board "1"]
[White "Ahmed, Najla"]
[Black "Park, Sunwoo"]
[Result "0-1"]
[WhiteElo "1539"]
[BlackElo "1877"]
[PlyCount "142"]
[EventDate "2024.09.11"]
[WhiteTeam "Bahrain"]
[BlackTeam "South Korea"]
[WhiteTeamCountry "BHN"]

1. e4 c5 2. Nc3 Nc6 3. Nge2 g6 4. g3 Bg7 5. Bg2 Nf6 6. d3 a6 ({RR} 6... O-O 7. O-O e6 8. Bg5 h6 9. Be3 b6 10. Qd2 Ng4 11. Bf4 e5 12. Be3 Nxe3 13. Qxe3 Nd4 14. Qd2 d6 15. Nd5 Be6 16. Nc1 Bxd5 17. exd5 Nf5 18. a4 Ne7 19. a5 b5 20. a6 Rb8 21. Nb3 {1-0 Jobava,B (2707)-Tregubov,P (2598) EU-ch blitz 29th 2010 (7)}) ({RR} 6... O-O 7. h4 h5 8. Nf4 d6 9. Ncd5 Nxd5 10. exd5 Ne5 11. Bd2 b5 12. a4 b4 13. b3 Bg4 14. f3 Nxf3+ 15. Bxf3 Bxf3 16. Qxf3 Bxa1 17. g4 hxg4 18. Qxg4 Qc8 19. Qg2 Qf5 20. h5 g5 21. Ne2 {0-1 Samu,S (2072)-Palka,M (1768) LJ Slovakia Open 2024 (5.26)}) 7. Be3 d6 8. h3 $146 ({RR} 8. a4 Qa5 9. O-O O-O 10. h3 Rb8 11. Qd2 Nb4 12. Rfc1 Qc7 13. Bh6 Rd8 14. Bxg7 Kxg7 15. d4 b6 16. Qe3 Bb7 17. Kh2 h5 18. Nf4 e5 19. dxe5 dxe5 20. Nd3 Nxd3 21. cxd3 Rd7 22. Rd1 Rbd8 {0-1 Daniel,A-Golikov,S (2064) Varna op 5th 2011 (7)}) 8... O-O 9. Qd2 Re8 10. f4 e6 11. g4 Nd7 12. h4 Nd4 13. h5 Qa5 14. hxg6 fxg6 15. f5 Ne5 16. Bxd4 cxd4 17. Nxd4 Nxg4 18. Nb3 Qe5 19. O-O-O exf5 20. exf5 Bxf5 21. Bd5+ Kh8 22. Bxb7 Ra7 23. Bf3 Rae7 24. Bxg4 Bxg4 25. Rdg1 Bh5 26. Kb1 d5 27. d4 Qd6 28. Qg5 Bf3 29. Rh3 Re1+ 30. Rxe1 Rxe1+ 31. Nc1 Bh5 32. Qh4 Rf1 33. Qg5 Bf6 34. Qe3 Kg7 35. a3 h6 36. N3a2 Bg5 37. Qd3 Qf4 38. Qxa6 Rxc1+ 39. Nxc1 Qxc1+ 40. Ka2 Qf4 41. Qb7+ Qf7 42. Qxf7+ Kxf7 43. Rc3 Be2 44. Rh3 h5 45. Rh2 Bd1 46. Kb3 Bf4 47. Rf2 g5 48. Kb4 h4 49. Kc5 Ke6 50. a4 h3 51. Kb6 Be3 52. Rh2 Bxd4+ 53. Kb7 Bg4 54. c3 Be5 55. Rf2 h2 56. Rf1 Bf3 57. a5 h1=Q 58. Rxh1 Bxh1 59. Kc8 d4 60. cxd4 Bxd4 61. b4 Kd6 62. b5 Bc3 63. b6 Bxa5 64. b7 Bxb7+ 65. Kxb7 g4 66. Ka8 g3 67. Kb7 g2 68. Kc8 g1=Q 69. Kb8 Qb6+ 70. Ka8 Qa6+ 71. Kb8 Bc7# 0-1

[Event "Olympiad Women 2024"]
[Site "Budapest HUN"]
[Date "2024.09.12"]
[Round "2.58"]
[Board "2"]
[White "Khan, Anastasia"]
[Black "Almusawi, Maram"]
[Result "1-0"]
[WhiteElo "1859"]
[BlackElo "1510"]
[PlyCount "61"]
[EventDate "2024.09.11"]
[WhiteTeam "South Korea"]
[BlackTeam "Bahrain"]
[BlackTeamCountry "BHN"]

1. d4 Nf6 2. Bf4 g6 3. e3 Bg7 4. Nf3 O-O 5. Nbd2 d5 6. c4 ({RR} 6. b4 a5 7. b5 c5 8. bxc6 bxc6 9. Rb1 Nbd7 10. Bd3 c5 11. c3 a4 12. O-O Qa5 13. Rb5 Qa7 14. Ne5 Nxe5 15. Bxe5 Nd7 16. Bxg7 Kxg7 17. Nf3 Bb7 18. h4 Bc6 19. Rb1 Rab8 20. h5 Rxb1 {½-½ Romanov,E (2635)-Firat,B (2460) Skopje Karposh op 2016 (7)}) 6... c6 7. Bd3 ({RR} 7. cxd5 cxd5 8. Bd3 Nc6 9. O-O Nb4 10. Bb5 Bf5 11. a3 Nd3 12. Bxd3 Bxd3 13. Re1 Rc8 14. Rc1 b6 15. Ne5 Bf5 16. Qa4 Rxc1 17. Rxc1 a5 18. Qb5 Ne4 19. Nxe4 Bxe4 20. Nc6 Qd7 21. Qxb6 Qg4 {1-0 Kashefi,A (2193)-Baladjaev,G (2404) Titled Tue 19th Mar Late 2024 (3)}) 7... Bg4 8. Qb3 $146 ({RR} 8. h3 Bd7 9. Ne5 Na6 10. a3 Nc7 11. O-O Bc8 12. Rc1 Nd7 13. Ndf3 Nxe5 14. Nxe5 f6 15. Nf3 dxc4 16. Bxc4+ Kh8 17. Qb3 Nd5 18. Bg3 Nb6 19. Be2 Bf5 20. Rfd1 Rc8 21. a4 Be4 22. a5 Bd5 {1-0 Khallouf,A-Sobek,M (1914) World Corporate East D rapid 2021 (3.3)}) 8... Qb6 9. c5 Qxb3 10. axb3 Nbd7 11. b4 b6 12. h3 Bxf3 13. Nxf3 Rfe8 14. Ba6 e5 15. Bxe5 Nxe5 16. Nxe5 Re6 17. Bb7 Rb8 18. Bxc6 bxc5 19. bxc5 Rxb2 20. O-O Re7 21. Rfb1 Rxb1+ 22. Rxb1 a5 23. Rb8+ Bf8 24. Ra8 Rc7 25. Rxa5 Kg7 26. Ra8 Be7 27. f3 h5 28. g4 hxg4 29. hxg4 Nh7 30. Bxd5 Bf6 31. Nxf7 1-0

[Event "Olympiad Women 2024"]
[Site "Budapest HUN"]
[Date "2024.09.12"]
[Round "2.58"]
[Board "3"]
[White "Sharaf, Hawra"]
[Black "Cho, Yeonhee"]
[Result "1-0"]
[WhiteElo "1595"]
[BlackElo "1696"]
[PlyCount "91"]
[EventDate "2024.09.11"]
[WhiteTeam "Bahrain"]
[BlackTeam "South Korea"]
[WhiteTeamCountry "BHN"]

1. e4 e5 2. Nc3 Nf6 3. g3 Bc5 4. Bg2 d6 5. Nge2 Nc6 6. O-O a6 7. Kh1 ({RR} 7. h3 Be6 8. d3 Qd7 9. Kh2 h5 10. Bg5 O-O-O 11. Nd5 Bxd5 12. exd5 Ne7 13. d4 Ba7 14. Bxf6 gxf6 15. h4 Kb8 16. c4 Qg4 17. Bh3 Qe4 18. Qd2 Nf5 19. Nc3 Qxd4 20. Qe2 Ne7 21. Rad1 Qb6 {0-1 Bartel,M (2629)-Ragger,M (2655) EU-ch blitz Warsaw 2012 (11)}) 7... Ng4 8. Kg1 $146 ({RR} 8. Qe1 Nb4 9. Qd1 Nxf2+ 10. Rxf2 Bxf2 11. a3 Nc6 12. Qf1 Ba7 13. Nd5 O-O 14. Bh3 Be6 15. c4 Nd4 16. Nxd4 Bxd4 17. d3 c6 18. Ne3 Bxe3 19. Bxe3 Qd7 20. Bf5 Bxf5 21. exf5 f6 22. Qf3 Kh8 {0-1 Frontini,F (1965)-Borgiani,F (2194) Senigallia op-A 2010 (3)}) ({RR} 8. Qe1 Nb4 9. f3 Nxc2 10. Qd1 Nf2+ 11. Rxf2 Nxa1 12. Rf1 O-O 13. d3 b5 14. Bd2 b4 15. Nd5 c6 16. Nxb4 Qb6 17. Qa4 Bd7 18. Rxa1 a5 19. Nc2 Rfb8 20. Bc3 Qa6 21. Ne1 Bb4 22. Qc2 c5 {1-0 Koch,R (1651)-Falk,R (1199) Pinneberg-ch 2018 (1)}) ({RR} 8. Qe1 f5 9. d3 O-O 10. f4 Be6 11. h3 Ne3 12. Bxe3 Bxe3 13. Rf3 Ba7 14. Qd2 Qd7 15. Kh2 Rf6 16. Raf1 Raf8 17. exf5 Rxf5 18. Ne4 Rh5 19. Ng5 Bg4 20. fxe5 Bxf3 21. Bxf3 dxe5 22. Nc3 Ne7 {0-1 Cuprova,I (1801)-Sabolova,G (1732) CZE-ch U16 Girls 2007 (9)}) 8... h5 9. h3 h4 10. d4 Nxd4 11. b4 Ba7 12. Be3 Nxe3 13. fxe3 Ne6 14. g4 Bxe3+ 15. Kh1 Ng5 16. Qd3 Ba7 17. Nd5 Bd7 18. Ng1 Be6 19. b5 axb5 20. a3 c6 21. Ne3 Bc5 22. Nf3 Bd7 23. Nf5 Bxf5 24. exf5 Qf6 25. Nxg5 Qxg5 26. f6 gxf6 27. c4 bxc4 28. Qxc4 Ke7 29. Rf5 Qe3 30. Raf1 Qd4 31. Qb3 Ra7 32. Rxf6 d5 33. Rxf7+ Ke8 34. Rxb7 Rh7 35. Rb8+ Kd7 36. Rb7+ Ke6 37. Rb8 Rhf7 38. Rd1 Qa4 39. Bxd5+ cxd5 40. Qxd5+ Kf6 41. Rf1+ Kg6 42. Rg8+ Rg7 43. Rc8 Qd4 44. Qe6+ Kh7 45. Qf5+ Rg6 46. Qh5+ 1-0

[Event "Olympiad Women 2024"]
[Site "Budapest HUN"]
[Date "2024.09.12"]
[Round "2.58"]
[Board "4"]
[White "Kim, Sarang"]
[Black "Yaqoob, Wafa"]
[Result "1-0"]
[WhiteElo "1732"]
[BlackElo "1438"]
[PlyCount "105"]
[EventDate "2024.09.11"]
[WhiteTeam "South Korea"]
[BlackTeam "Bahrain"]
[BlackTeamCountry "BHN"]

1. e4 c5 2. Nf3 a6 3. c3 d5 4. exd5 Qxd5 5. d4 Nf6 6. Be2 e6 7. O-O Nc6 8. Na3 ({RR} 8. Bf4 cxd4 9. Nxd4 Nxd4 10. cxd4 Qd8 11. Nc3 Bd6 12. Be5 O-O 13. Bf3 Qe7 14. Qd2 Nd7 15. Bxd6 Qxd6 16. Ne4 Qe7 17. Rac1 Nb6 18. Rc5 f5 19. Ng3 Qd6 20. Rfc1 Rb8 21. Nh5 Bd7 22. Qg5 Rf7 {½-½ Caruana,F (2598)-Reinderman,D (2533) Corus-C Wijk aan Zee 2008 (4)}) 8... cxd4 9. Nc4 dxc3 $146 ({RR} 9... Qd8 10. Qb3 Nd5 11. Rd1 dxc3 12. bxc3 Be7 13. Be3 Qc7 14. Rxd5 exd5 15. Nb6 Be6 16. Nxa8 Qb8 17. Nd4 Qxa8 18. Nxe6 fxe6 19. Bg4 Kf7 20. Re1 Bf6 21. Bb6 Re8 22. f4 g6 23. c4 Bd4+ 24. Bxd4 {1-0 Schmidt,H (2397)-Postler,R (2367) BL2-Nord 1112 2011 (4.4)}) ({RR} 9... Qd8 10. cxd4 Be7 11. a4 O-O 12. a5 Nd5 13. Nfe5 Bd7 14. Be3 Rc8 15. Bf3 Be8 16. Nxc6 Bxc6 17. Ne5 Bb5 18. Be2 Qe8 19. Bxb5 Qxb5 20. Qd3 Qxd3 21. Nxd3 Nb4 22. Ne5 Rc2 23. Rac1 Rfc8 24. g3 {0-1 Jahnz,F (2262)-Horak,M (2349) Titled Tue 2nd Jan Late 2024 (4)}) ({RR} 9... Bc5 10. Bf4 O-O 11. Nce5 dxc3 12. bxc3 Qxd1 13. Rfxd1 Nd5 14. Bd2 Nxe5 15. Nxe5 f6 16. Nd3 Be7 17. c4 Nb6 18. Rdc1 Nd7 19. c5 Nb8 20. Ba5 Nc6 21. Bb6 Nd4 22. Bf1 Bd7 23. Rab1 Bc6 24. f3 {½-½ Zunker,R (2118)-Ghijsen,P (2180) Hessen-ch Seniors op 12th 2016 (7)}) 10. Nb6 Qxd1 11. Rxd1 cxb2 12. Nxa8 bxc1=Q 13. Raxc1 Nd5 14. Ne5 Ba3 15. Rc2 O-O 16. Nc4 Bc5 17. Na5 Ba7 18. Nxc6 bxc6 19. Rb1 c5 20. Bc4 Rd8 21. Rd2 Rd7 22. Bxd5 exd5 23. Re1 Rd8 24. Rxd5 Rf8 25. Rd2 Be6 26. Nc7 Bb6 27. Nxe6 fxe6 28. Rxe6 Rb8 29. Rb2 Rd8 30. g3 Ba5 31. Rb7 Bc3 32. Rxa6 Bd4 33. Rab6 c4 34. Rb4 c3 35. Rb8 Rxb8 36. Rxb8+ Kf7 37. Kf1 Ke6 38. Ke2 Kd5 39. f3 Kc4 40. Rc8+ Kb4 41. Kd3 Bf6 42. Rc4+ Ka3 43. Rxc3+ Bxc3 44. Kxc3 Kxa2 45. Kd4 Kb3 46. Ke5 Kc3 47. h4 Kd3 48. h5 g6 49. f4 Ke3 50. g4 Kf3 51. f5 gxf5 52. gxf5 Kg4 53. f6 1-0

[Event "Olympiad Women 2024"]
[Site "Budapest HUN"]
[Date "2024.09.12"]
[Round "2.59"]
[Board "1"]
[White "Viana, Valeria"]
[Black "Ebrahim, Zahabiyah"]
[Result "1-0"]
[WhiteElo "1882"]
[BlackElo "1475"]
[PlyCount "85"]
[EventDate "2024.09.11"]
[WhiteTeam "Honduras"]
[BlackTeam "Tanzania"]
[WhiteTeamCountry "HON"]
[BlackTeamCountry "TAN"]

1. e4 c6 2. d4 d5 3. Nc3 dxe4 4. Nxe4 Nf6 5. Nxf6+ exf6 6. c3 Bd6 7. Bd3 O-O 8. Qc2 Re8+ 9. Ne2 h6 10. Bd2 Nd7 11. O-O-O Nf8 12. Ng3 ({RR} 12. f3 Be6 13. Kb1 b5 14. Ng3 a5 15. Ne4 a4 16. g3 Be7 17. c4 bxc4 18. Bxc4 Bd5 19. Bxd5 cxd5 20. Nc3 Ne6 21. Be3 Qa5 22. Qf5 Red8 23. Qd3 Rab8 24. Rd2 Bb4 25. Rc1 Bxc3 26. Rxc3 h5 {0-1 Shubenkova,V (2030)-Svane,R (2633) Titled Tue 23rd Jul Early 2024 (1)}) 12... Be6 13. Kb1 b5 $146 ({RR} 13... Qc7 14. Nf5 Bxf5 15. Bxf5 Bf4 16. g3 Bxd2 17. Rxd2 g6 18. Bd3 f5 19. Re2 Nh7 20. Rhe1 Nf6 21. Bc4 Rxe2 22. Rxe2 Kg7 23. f3 Re8 24. a4 Re7 25. Rxe7 Qxe7 26. Qe2 Qxe2 27. Bxe2 f4 28. gxf4 {0-1 Hartmann,W (2270)-Lechtynsky,J (2400) Oberliga Bayern 0001 2000 (9)}) 14. Rhe1 a5 15. Nf5 b4 16. Qa4 Qc7 17. h3 Reb8 18. c4 c5 19. Nxd6 Qxd6 20. d5 Bd7 21. Qc2 a4 22. Qc1 Ng6 23. Bxg6 fxg6 24. Bf4 Bf5+ 25. Ka1 Qa6 26. Bxb8 Rxb8 27. g4 Bd7 28. Re7 Qd6 29. Rde1 Rd8 30. Qe3 Kh7 31. f3 f5 32. Qe5 Qxe5 33. R1xe5 f4 34. Rf7 g5 35. Ree7 Be8 36. Rxg7+ Kh8 37. Rh7+ Kg8 38. Rxh6 Kf8 39. Re5 Kf7 40. Rxg5 Bd7 41. Re5 Kg7 42. Rd6 Kf7 43. h4 1-0